000 00633nam a22002057a 4500
005 20230925110106.0
010 _aENG-112829 ENG-135847
020 _a9789382711575
_c295.00
035 _aEN-96361
035 _aEN-119378
037 _bDBAD/PUB
082 _a881.092
100 _aBakaya, Santosh
_957358
245 _aBallad of Bapu/
_cBy Santosh Bakaya
260 _aNew Delhi
_bVitasta Publishing
_c2015
270 _a2/15, Ansari Road, Daryaganj,
_bNew Delhi
_e110002
300 _axxvii, 317p.
_c 21cm(pbk)
_bBibliography
500 _aIncludes bibliographical references
942 _2ddc
_cEN
_mBAK
_h881.092
999 _c93946
_d93946